LEADER 01627nam a2200313 i 4500 001 000000189615 003 CaOOAMICUS 005 20100513000000.0 008 100513s2009 it u000 u ita u 013 $a167889 020 $a978-88-06-20093-0 040 $aSeMil$bita 100 1 $aBolzoni, Lina,$d<1947- >.$0(OLS)http://semarc/name/55690 245 13$aLa rete delle immagini :$bpredicazione in volgare dalle origini a Bernardino da Siena /$cLina Bolzoni. 260 $aTorino :$bGiulio Einaudi,$ccopyr. 2009. 300 $aXXX, 250 p., [32] p. di tav. :$bill. ;$c21 cm. 490 0 $aPiccola biblioteca Einaudi ;$v473 600 04$aBernardino : da Siena .$0(OLS)http://semarc/subject/481 650 4$aPredicazione - Italia - Storia - Sec. 14.-15.$0(OLS)http://semarc/subject/35706 650 4$aOratoria sacra - Italia - Storia - Sec. 14.-15.$0(OLS)http://semarc/subject/35707 650 4$aIconografia sacra - Storia - 14.-15.$0(OLS)http://semarc/subject/35708 650 4$aAllegorie [nella] letteratura italiana - Storia - Sec. 14.$0(OLS)http://semarc/subject/35709 830 0$aPiccola biblioteca Einaudi ;$v473.$0(OLS)http://semarc/title/11221 850 $aSeMil 852 $aSeMil$W1$xVenegono$y1$m1B II 164$j140246$B140246$CSeMilBibl$Z2$F152388 $81 961 $aOmaggio: Ballarini mons. Marco 996 $6020$a978-88-06-20093-0$9(OLS)http://semarc/number/180360 996 $6245$aLa rete delle immagini :$bpredicazione in volgare dalle origini a Bernardino da Siena$9(OLS)http://semarc/title/273016 996 $6260$aTorino :$bGiulio Einaudi$9(OLS)http://semarc/publisher/29810 LEADER 01607nam a2200337 i 4500 001 000000048192 003 CaOOAMICUS 005 20131220000000.0 008 131220s1995 it u000 u ita u 013 $a19362 020 $a88-7105-050-9 040 $aSeMil$bita 100 1 $aCaseri, Renzo.$0(OLS)http://semarc/name/23904 245 13$aIl principio della carità in teologia morale :$bdal contributo di G. Gilleman a una via di riproposta /$cRenzo Caseri ; Prefazione di Lino Casati. 260 $aMilano :$bGlossa,$ccopyr. 1995. 260 $aRoma :$bPontificio Seminario Lombardo,$ccopyr. 1995. 300 $aXVII, 239 p. ;$c24 cm. 490 0 $aDissertatio. Series Romana ;$v12 500 $aContiene : Bibliografia. 650 4$aCarità - Virtù.$0(OLS)http://semarc/subject/44778 650 4$aGilleman, Gérard .$0(OLS)http://semarc/subject/44979 650 4$aTeologia morale.$0(OLS)http://semarc/subject/91 700 1 $aCasati, Lino.$0(OLS)http://semarc/name/19649 830 0$aDissertatio. Series Romana ;$v12.$0(OLS)http://semarc/title/252 850 $aSeMil 852 $aSeMil$W1$xVenegono$y1$m2KA H 12$j265315$B14347$CSeMilBibl$Z2$F14347 $81 961 $aOmaggio: Scuola Cattolica 996 $6020$a88-7105-050-9$9(OLS)http://semarc/number/21168 996 $6245$aIl principio della carità in teologia morale :$bdal contributo di G. Gilleman a una via di riproposta$9(OLS)http://semarc/title/72879 996 $6260$aRoma :$bPontificio Seminario Lombardo$9(OLS)http://semarc/publisher/29707 996 $6260$aMilano :$bGlossa$9(OLS)http://semarc/publisher/29635